[Event "BL 2016-17"]
[Site "St. Veit/Glan"]
[Date "2017.03.25"]
[Round "7"]
[White "Gerhold, Michael"]
[Black "Herbrechtsmeier, Christof"]
[Result "1/2-1/2"]
[WhiteElo "2221"]
[BlackElo "2228"]
[Annotator "NA"]
[PlyCount "103"]
[EventDate "2017.??.??"]
[EventType "team-tourn"]
[EventCountry "AUT"]
[SourceTitle "playchess.com"]
[Source "ChessBase"]
[SourceQuality "1"]
[WhiteTeam "Absam"]
[BlackTeam "Bregenz"]
[TimeControl "40/5400+30:1800+30"]

1. Nf3 {[%emt 0:00:00]} Nf6 {[%emt 0:00:07]} 2. c4 {[%emt 0:00:00]} g6 {[%emt 0:00:10]} 3. Nc3 {[%emt 0:00:08]} d5 {[%emt 0:00:05]} 4. cxd5 {[%emt 0:01:17]} Nxd5 {[%emt 0:00:07]} 5. Qa4+ {[%emt 0:00:11]} Nc6 {[%emt 0:00:48]} 6. Ne5 {[%emt 0:02:37]} Qd6 {[%emt 0:01:10]} 7. Nxc6 {[%emt 0:02:34]} Qxc6 {[%emt 0:00:35]} 8. Qxc6+ {[%emt 0:00:19]} bxc6 {[%emt 0:00:07]} 9. g3 {[%emt 0:00:20]} Be6 {[%emt 0:02:04]} 10. Bg2 {[%emt 0:00:08]} O-O-O {[%emt 0:00:15]} 11. a3 {[%emt 0:17:22]} Nxc3 {[%emt 0:01:34]} 12. dxc3 {[%emt 0:02:50]} Bd5 {[%emt 0:03:39]} 13. O-O {[%emt 0:00:31]} e5 {[%emt 0:06:44]} 14. Bg5 {[%emt 0:13:21]} Rd6 {[%emt 0:01:53]} 15. Rfd1 {[%emt 0:03:00]} h6 {[%emt 0:06:49]} 16. Be3 {[%emt 0:00:24]} Kb7 {[%emt 0:05:23]} 17. Bc5 {[%emt 0:09:13]} Rd8 {[%emt 0:00:55]} 18. Bxa7 {[%emt 0:04:16]} Be7 {[%emt 0:04:23]} 19. Be3 {[%emt 0:00:17]} Bb3 {[%emt 0:00:27]} 20. Rxd8 {[%emt 0:00:40]} Rxd8 {[%emt 0:00:06]} 21. h4 {[%emt 0:17:17]} g5 {[%emt 0:00:46]} 22. hxg5 {[%emt 0:00:56]} Bxg5 {[%emt 0:00:22]} 23. f4 {[%emt 0:01:16]} exf4 {[%emt 0:00:26]} 24. gxf4 {[%emt 0:00:23]} Bf6 {[%emt 0:01:50]} 25. Bf3 {[%emt 0:01:28]} Rg8+ {[%emt 0:16:12]} 26. Kh2 {[%emt 0:02:02]} Re8 {[%emt 0:04:55]} 27. Bd4 {[%emt 0:01:22]} Bxd4 {[%emt 0:01:15]} 28. cxd4 {[%emt 0:00:09]} f5 {[%emt 0:00:32]} 29. Kg3 {[%emt 0:00:45]} Bd5 {[%emt 0:02:10]} 30. Kf2 {[%emt 0:01:21]} Kb6 {[%emt 0:10:29]} 31. Rh1 {[%emt 0:02:44]} Re6 {[%emt 0:00:46]} 32. Rg1 {[%emt 0:01:42]} Kb5 {[%emt 0:02:53]} 33. Rg7 {[%emt 0:00:17]} Kc4 {[%emt 0:00:59]} 34. Bxd5+ {[%emt 0:04:45]} cxd5 {[%emt 0:01:54]} 35. Rxc7+ {[%emt 0:04:55]} Kxd4 {[%emt 0:00:11]} 36. Rc3 {[%emt 0:00:56]} Rb6 {[%emt 0:01:48]} 37. Rc2 {[%emt 0:00:36]} Ke4 {[%emt 0:02:20]} 38. e3 {[%emt 0:01:39]} d4 {[%emt 0:03:28]} 39. exd4 {[%emt 0:00:07]} Kxf4 {[%emt 0:00:40]} 40. b4 {[%emt 0:00:00]} Ra6 {[%emt 0:04:41]} 41. Rc3 {[%emt 0:10:21]} Ke4 {[%emt 0:02:01]} 42. b5 {[%emt 0:00:26]} Ra8 {[%emt 0:02:49]} 43. Rb3 {[%emt 0:11:43]} Kxd4 {[%emt 0:06:13]} 44. b6 {[%emt 0:00:11]} Kc5 {[%emt 0:04:39]} 45. a4 {[%emt 0:01:07]} Kc6 {[%emt 0:01:20]} 46. a5 {[%emt 0:00:16]} Kb7 {[%emt 0:00:21]} 47. Rb5 {[%emt 0:00:20]} Rf8 {[%emt 0:01:15]} 48. Kg3 {[%emt 0:03:29]} h5 {[%emt 0:01:32]} 49. Rb4 {[%emt 0:01:29]} Rf7 {[%emt 0:04:53]} 50. Ra4 {[%emt 0:01:08]} Ka6 {[%emt 0:01:16]} 51. Rb4 {[%emt 0:02:29]} Kb7 {[%emt 0:02:10]} 52. Ra4 1/2-1/2

[Event "BL 2016-17"]
[Site "St. Veit/Glan"]
[Date "2017.03.25"]
[Round "7"]
[White "Burschowsky, Matthias"]
[Black "Schneider-Zinner, Harald"]
[Result "0-1"]
[WhiteElo "2192"]
[BlackElo "2382"]
[Annotator "NA"]
[PlyCount "108"]
[EventDate "2017.??.??"]
[EventType "team-tourn"]
[EventCountry "AUT"]
[SourceTitle "playchess.com"]
[Source "ChessBase"]
[SourceQuality "1"]
[WhiteTeam "Hohenems"]
[BlackTeam "Wien-SK Ottakring"]
[TimeControl "40/5400+30:1800+30"]

1. c4 {[%emt 0:00:00]} e6 {[%emt 0:00:05]} 2. Nc3 {[%emt 0:00:00]} d5 {[%emt 0:00:06]} 3. e3 {[%emt 0:00:00]} Nf6 {[%emt 0:00:38]} 4. Nf3 {[%emt 0:00:14]} c6 {[%emt 0:03:44]} 5. b3 {[%emt 0:00:33]} Nbd7 {[%emt 0:00:06]} 6. Qc2 {[%emt 0:00:33]} b6 {[%emt 0:01:53]} 7. cxd5 {[%emt 0:15:22]} exd5 {[%emt 0:02:49]} 8. Be2 $11 {[%emt 0:02:20]} Bb7 {[%emt 0:05:49]} 9. Bb2 {[%emt 0:02:12]} Bd6 {[%emt 0:01:49]} 10. Rc1 {[%emt 0:08:18]} O-O {[%emt 0:00:45]} 11. O-O {[%emt 0:00:21]} Re8 {[%emt 0:01:29]} 12. Qb1 {[%emt 0:13:51]} Qe7 {[%emt 0:20:17]} 13. Qa1 {[%emt 0:08:33]} Rad8 {[%emt 0:06:10]} 14. a3 {[%emt 0:20:42]} Bb8 {[%emt 0:07:46]} 15. b4 {[%emt 0:00:52]} Qd6 {[%emt 0:01:00]} 16. g3 {[%emt 0:01:46]} a6 {[%emt 0:05:15]} 17. Rc2 {[%emt 0:04:16]} c5 {[%emt 0:01:37]} 18. bxc5 {[%emt 0:00:23]} bxc5 {[%emt 0:01:57]} 19. d4 {[%emt 0:00:08]} c4 {[%emt 0:02:35]} 20. a4 {[%emt 0:00:22]} Ng4 {[%emt 0:03:19]} 21. Nh4 {[%emt 0:03:45]} Ndf6 {[%emt 0:06:49]} 22. Ba3 {[%emt 0:00:44]} Qe6 {[%emt 0:00:47]} 23. Rb2 {[%emt 0:02:00]} Bc6 {[%emt 0:01:56]} 24. Ng2 {[%emt 0:00:54]} g5 {[%emt 0:01:07]} 25. Qd1 {[%emt 0:00:55]} h5 {[%emt 0:00:57]} 26. Rb6 {[%emt 0:00:59]} Bc7 {[%emt 0:00:32]} 27. Rxa6 {[%emt 0:00:16]} Ra8 {[%emt 0:01:34]} 28. Rxa8 {[%emt 0:00:17]} Rxa8 {[%emt 0:00:13]} 29. Bc5 {[%emt 0:03:07]} Ba5 {[%emt 0:08:59]} 30. Nb5 {[%emt 0:01:28]} Ne4 {[%emt 0:01:10]} 31. f3 {[%emt 0:01:43]} Nxe3 {[%emt 0:00:38]} 32. Nxe3 {[%emt 0:01:43]} Nxc5 {[%emt 0:00:02]} 33. Nxc4 {[%emt 0:01:27]} dxc4 {[%emt 0:00:42]} 34. dxc5 {[%emt 0:00:20]} Rd8 {[%emt 0:02:21]} 35. Qc1 {[%emt 0:01:34]} Rd2 {[%emt 0:00:18]} 36. Rf2 {[%emt 0:01:12]} Qe3 {[%emt 0:03:04]} 37. Qxc4 {[%emt 0:00:53]} Bd5 {[%emt 0:02:35]} 38. Qc1 {[%emt 0:02:02]} Rxe2 {[%emt 0:01:49]} 39. Qxe3 {[%emt 0:00:06]} Rxe3 {[%emt 0:00:01]} 40. Rc2 {[%emt 0:00:00]} Rxf3 {[%emt 0:01:29]} 41. Nd4 {[%emt 0:04:27]} Rc3 {[%emt 0:02:21]} 42. Rb2 {[%emt 0:00:15]} Rxc5 {[%emt 0:02:54]} 43. Nf5 {[%emt 0:00:16]} Kh7 {[%emt 0:02:04]} 44. h4 {[%emt 0:03:10]} Be4 {[%emt 0:03:11]} 45. Nd6 {[%emt 0:00:36]} Rc1+ {[%emt 0:04:05]} 46. Kf2 {[%emt 0:00:06]} Rc2+ {[%emt 0:00:48]} 47. Rxc2 {[%emt 0:00:04]} Bxc2 {[%emt 0:00:04]} 48. Nxf7 {[%emt 0:03:11]} g4 {[%emt 0:01:17]} 49. Ng5+ {[%emt 0:02:53]} Kg6 {[%emt 0:00:41]} 50. Ne6 {[%emt 0:00:27]} Bb6+ {[%emt 0:00:39]} 51. Kg2 {[%emt 0:00:08]} Bxa4 {[%emt 0:00:15]} 52. Nf4+ {[%emt 0:00:07]} Kh6 {[%emt 0:00:07]} 53. Nd5 {[%emt 0:00:16]} Bc6 {[%emt 0:00:48]} 54. Kh2 {[%emt 0:00:04]} Bg1+ {[%emt 0:00:09]} 0-1

[Event "BL 2016-17"]
[Site "St. Veit/Glan"]
[Date "2017.03.25"]
[Round "7"]
[White "Dornauer, Joachim"]
[Black "Diermair, Andreas"]
[Result "0-1"]
[WhiteElo "2181"]
[BlackElo "2469"]
[Annotator "TA"]
[PlyCount "102"]
[EventDate "2017.??.??"]
[EventType "team-tourn"]
[EventCountry "AUT"]
[SourceTitle "playchess.com"]
[Source "ChessBase"]
[SourceQuality "1"]
[WhiteTeam "St. Valentin"]
[BlackTeam "Feffernitz"]

{[%evp 27,102,4,0,0,0,0,3,-6,-8,-37,0,0,0,0,0,0,0,-29,0,0,0,-20,-14,-16,-17,-20,-18,-25,-19,-23,-20,-33,-19,-23,0,0,0,0,0,-7,0,-6,-2,-4,0,0,0,-4,-6,-4,-19,-130,-127,-111,-72,-89,-90,-85,-86,-97,-91,-196,-195,-527,-535,-525,-431,-4133,-1564,-29993,-29981,-29976,-29972,-29966,-29969,-29951,-29952]} 1. d4 d5 2. Nf3 Nf6 3. c4 e6 4. Nc3 c6 5. e3 Nbd7 6. Bd3 dxc4 7. Bxc4 b5 8. Be2 Bb7 9. e4 b4 10. e5 bxc3 11. exf6 cxb2 12. fxg7 Bxg7 {D47: Semi-Slav: Meran System} (12... bxa1=Q 13. gxh8=Q Qa5+ 14. Nd2 Qf5 15. O-O O-O-O 16. Qb3 Nc5 17. Qe3 Bh6 18. Qxd8+ Kxd8 19. Qxh6 Qxd4 20. Nf3 Qh8 21. Qe3 {½-½ (32) Shimanov,A (2600)-Matlakov,M (2668) Tyumen 2012}) 13. Bxb2 c5 14. O-O O-O {LiveBook: 3 Games. The position is equal.} 15. Qd2 Rb8 16. Rad1 Bd5 17. Bc3 Qf6 $146 (17... Nf6 18. Ba5 Qe7 19. a3 Rb3 20. Qc1 {1-0 (28) Budde,V (2345)-Buecker,P (2310) Germany 1986}) 18. Ba1 Qg6 19. dxc5 Bxa1 ({But not} 19... Nxc5 $6 20. Nh4 Qh6 21. Qxh6 Bxh6 22. Nf5 $1 $16 {[%mdl 512]}) 20. Rxa1 Nxc5 21. Rfc1 Qg7 22. Qd4 Qxd4 (22... Rb2 $5 {is more complex.} 23. Qxg7+ Kxg7 24. Nd4 Ne4 25. f3 Nd6) 23. Nxd4 Rfc8 24. Rc2 Ne4 25. Rxc8+ Rxc8 26. a4 Nc3 27. Bf1 a5 28. Nb5 Na2 29. Nd4 Rc3 30. f3 e5 31. Nf5 Be6 32. Nd6 Nc1 33. Bb5 Rc2 34. Nb7 Nb3 35. Rd1 Kg7 36. Rd6 h5 (36... Rc1+ $5 37. Kf2 $8 Rc2+ 38. Kg1 Nd4 $11) 37. h4 Nd4 38. Nxa5 Nf5 $36 {[%mdl 2048] Black fights for an advantage.} 39. Ra6 (39. Rc6 $11 {remains equal.} Ra2 40. Nc4) 39... Nxh4 $17 40. Bf1 Ra2 41. Nc6 Ra1 $1 {...Bc4 is the strong threat.} 42. Nxe5 {[#]} Nf5 $1 {[%cal Rf5e3] Threatens to win with ...Ne3.} 43. Kf2 Ra2+ 44. Ke1 (44. Kg1 $17) 44... Ne3 $19 45. Bb5 $2 (45. Nd3) 45... Nxg2+ 46. Kf1 h4 {[%cal Bh5h4,Bh4h3,Bh3h2][%mdl 32] Hoping for ...Ne3+.} 47. f4 (47. Kg1 $142 h3 48. Bf1) 47... h3 {( -> ...h2)} 48. Kg1 Nxf4 {Black mates.} 49. Bc6 h2+ 50. Kh1 {[#]} Nh5 $1 {[%cal Rh5g3]} 51. Bg2 {[#]} Bd5 $1 {[%mdl 512]} 0-1

[Event "BL 2016-17"]
[Site "St. Veit/Glan"]
[Date "2017.03.25"]
[Round "7"]
[White "Bachofner, Andreas"]
[Black "Hoelzl, Franz"]
[Result "0-1"]
[WhiteElo "2154"]
[BlackElo "2318"]
[Annotator "NA"]
[PlyCount "80"]
[EventDate "2017.??.??"]
[EventType "team-tourn"]
[EventCountry "AUT"]
[SourceTitle "playchess.com"]
[Source "ChessBase"]
[SourceQuality "1"]
[WhiteTeam "Nickelsdorf"]
[BlackTeam "St. Veit"]
[TimeControl "40/5400+30:1800+30"]

1. e4 {[%emt 0:00:00]} c5 {[%emt 0:00:05]} 2. c4 {[%emt 0:00:14]} g6 {[%emt 0:01:01]} 3. Nc3 {[%emt 0:00:16]} Bg7 {[%emt 0:00:07]} 4. g3 {[%emt 0:00:20]} Nc6 {[%emt 0:00:15]} 5. Bg2 {[%emt 0:00:19]} e6 {[%emt 0:00:28]} 6. Nge2 {[%emt 0:00:45]} h5 {[%emt 0:00:42]} 7. h3 {[%emt 0:01:28]} Nge7 {[%emt 0:01:47]} 8. d3 {[%emt 0:00:24]} a6 {[%emt 0:01:40]} 9. O-O {[%emt 0:11:21]} Nd4 {[%emt 0:03:59]} 10. Bg5 {[%emt 0:09:49]} d6 {[%emt 0:03:46]} 11. Rb1 {[%emt 0:02:44]} Rb8 {[%emt 0:05:07]} 12. b4 {[%emt 0:13:39]} cxb4 {[%emt 0:05:43]} 13. Nxd4 {[%emt 0:01:00]} Bxd4 {[%emt 0:00:29]} 14. Ne2 {[%emt 0:00:19]} Bg7 {[%emt 0:00:23]} 15. Qa4+ {[%emt 0:04:46]} b5 {[%emt 0:04:41]} 16. Qxb4 {[%emt 0:01:25]} a5 {[%emt 0:01:31]} 17. Qd2 {[%emt 0:03:23]} b4 {[%emt 0:00:35]} 18. Qf4 {[%emt 0:10:10]} e5 {[%emt 0:04:22]} 19. Qh4 {[%emt 0:02:00]} Rf8 {[%emt 0:02:28]} 20. Nc3 {[%emt 0:08:21]} f6 {[%emt 0:01:44]} 21. Be3 {[%emt 0:00:03]} Rh8 {[%emt 0:07:36]} 22. Nd5 {[%emt 0:05:21]} Nxd5 {[%emt 0:05:43]} 23. exd5 {[%emt 0:01:06]} Bf5 {[%emt 0:00:09]} 24. f4 {[%emt 0:04:14]} Bxd3 {[%emt 0:00:40]} 25. Rbe1 {[%emt 0:00:21]} f5 {[%emt 0:02:35]} 26. Qxd8+ {[%emt 0:00:11]} Kxd8 {[%emt 0:00:01]} 27. Rf2 {[%emt 0:00:19]} Re8 {[%emt 0:01:25]} 28. Bf1 {[%emt 0:03:25]} exf4 {[%emt 0:04:30]} 29. Rxf4 {[%emt 0:00:56]} Bxf1 {[%emt 0:04:54]} 30. Kxf1 {[%emt 0:00:03]} Bh6 {[%emt 0:03:43]} 31. Rf3 {[%emt 0:00:07]} Bxe3 {[%emt 0:00:04]} 32. Rfxe3 {[%emt 0:00:10]} Rxe3 {[%emt 0:00:04]} 33. Rxe3 {[%emt 0:00:06]} a4 {[%emt 0:00:00]} 34. Re1 {[%emt 0:01:57]} Kc7 {[%emt 0:01:07]} 35. Rc1 {[%emt 0:05:24]} Kb6 {[%emt 0:01:51]} 36. Ke2 {[%emt 0:00:29]} Kc5 {[%emt 0:00:05]} 37. Kd3 {[%emt 0:00:06]} b3 {[%emt 0:02:21]} 38. Rb1 {[%emt 0:00:05]} Rb4 {[%emt 0:00:11]} 39. axb3 {[%emt 0:06:28]} Rxb3+ {[%emt 0:00:50]} 40. Rxb3 {[%emt 0:00:00]} axb3 {[%emt 0:00:25] Kd4+} 0-1

[Event "BL 2016-17"]
[Site "Germany"]
[Date "2017.02.18"]
[Round "7"]
[White "Nothnagel, Marian Can"]
[Black "Thiede, Lars"]
[Result "1/2-1/2"]
[WhiteElo "2107"]
[BlackElo "2422"]
[Annotator "RC"]
[PlyCount "83"]
[EventDate "2017.??.??"]
[EventType "team-tourn"]
[EventCountry "GER"]
[SourceTitle "playchess.com"]
[Source "ChessBase"]
[SourceQuality "1"]
[WhiteTeam "Griesheim"]
[BlackTeam "SF Berlin"]
[TimeControl "40/6000+30:3000+30"]

1. e4 {[%emt 0:00:00]} d6 {[%emt 0:00:15]} 2. d4 {[%emt 0:00:00]} Nf6 {[%emt 0:00:08]} 3. Nc3 {[%emt 0:00:00]} e5 {[%emt 0:00:07]} 4. Nf3 {[%emt 0:00:01]} Nc6 {[%emt 0:00:13]} 5. Bb5 {[%emt 0:05:11]} Bd7 {[%emt 0:00:22]} 6. O-O {[%emt 0:01:06]} Be7 {[%emt 0:00:34]} 7. Re1 {[%emt 0:08:36]} exd4 {[%emt 0:00:10]} 8. Nxd4 {[%emt 0:00:05]} Nxd4 {[%emt 0:04:30]} 9. Qxd4 {[%emt 0:00:33]} O-O {[%emt 0:00:24]} 10. Bg5 {[%emt 0:07:06]} Bxb5 {[%emt 0:09:49]} 11. Nxb5 {[%emt 0:00:07]} h6 {[%emt 0:00:14]} 12. Bh4 {[%emt 0:05:43]} a6 {[%emt 0:00:47]} 13. Nc3 {[%emt 0:00:05]} Ne8 {[%emt 0:13:52]} 14. Bxe7 {[%emt 0:00:30]} Qxe7 {[%emt 0:00:15]} 15. Nd5 {[%emt 0:00:07]} Qd8 {[%emt 0:00:15]} 16. Rad1 {[%emt 0:00:06]} Nf6 {[%emt 0:19:27]} 17. Nxf6+ {[%emt 0:00:07]} Qxf6 {[%emt 0:00:07]} 18. Qxf6 {[%emt 0:00:02]} gxf6 {[%emt 0:00:09]} 19. Rd5 {[%emt 0:06:33]} Rfe8 {[%emt 0:03:11]} 20. f3 {[%emt 0:00:10]} Re5 {[%emt 0:05:09]} 21. Kf2 {[%emt 0:05:30]} Rae8 {[%emt 0:04:33]} 22. g4 {[%emt 0:17:27]} Kg7 {[%emt 0:05:27]} 23. c4 {[%emt 0:06:37]} b5 {[%emt 0:05:35]} 24. Rc1 {[%emt 0:13:42]} bxc4 {[%emt 0:08:09]} 25. Rxc4 {[%emt 0:00:41]} Rxd5 {[%emt 0:01:17]} 26. exd5 {[%emt 0:00:06]} Rb8 {[%emt 0:00:08]} 27. b3 {[%emt 0:07:41]} Rb5 {[%emt 0:02:15]} 28. Rxc7 {[%emt 0:00:15]} Rxd5 {[%emt 0:00:06]} 29. Ke3 {[%emt 0:00:22]} a5 {[%emt 0:05:00]} 30. Ra7 {[%emt 0:07:09]} f5 {[%emt 0:03:12]} 31. h3 {[%emt 0:02:11]} fxg4 {[%emt 0:07:03]} 32. hxg4 {[%emt 0:00:06]} Kf6 {[%emt 0:01:07]} 33. Ke4 {[%emt 0:03:00]} Re5+ {[%emt 0:02:45]} 34. Kd4 {[%emt 0:00:08]} h5 {[%emt 0:02:37]} 35. gxh5 {[%emt 0:01:26]} Rxh5 {[%emt 0:00:13]} 36. Ra6 {[%emt 0:01:07]} Ke6 {[%emt 0:00:31]} 37. Ke4 {[%emt 0:00:10]} Rb5 {[%emt 0:01:17]} 38. Ra7 {[%emt 0:03:36]} Rb4+ {[%emt 0:01:20]} 39. Ke3 {[%emt 0:00:06]} Rb5 {[%emt 0:00:17]} 40. Ke4 {[%emt 0:01:13]} Re5+ {[%emt 0:56:23]} 41. Kf4 {[%emt 0:55:49]} Rb5 {[%emt 0:01:11]} 42. Ke4 {Ke5+} 1/2-1/2

[Event "BL 2016-17"]
[Site "Germany"]
[Date "2017.02.18"]
[Round "7.1"]
[White "Erdos, Viktor"]
[Black "Svidler, Peter"]
[Result "0-1"]
[WhiteElo "2597"]
[BlackElo "2748"]
[Annotator "TA"]
[PlyCount "70"]
[EventDate "2017.??.??"]
[EventType "team-tourn"]
[EventCountry "GER"]
[SourceTitle "playchess.com"]
[Source "ChessBase"]
[SourceQuality "1"]
[WhiteTeam "SG Trier"]
[BlackTeam "Baden-Baden"]

{[%evp 12,70,0,0,0,0,0,0,0,0,0,-9,-1,-5,0,-17,0,0,0,0,0,-27,-24,-41,-27,-51,-51,-44,-53,-84,-78,-66,-36,-56,-28,-73,-78,-71,-73,-170,-129,-307,-288,-319,-303,-366,-368,-356,-361,-520,-518,-539,-429,-448,-446,-428,-437,-425,-310,-387,-391]} 1. Nf3 c5 2. c4 Nf6 {[%cal Bg8f6,Bf6d5,Bd5b4,Bb4d3,Bd3f4][%mdl 32]} 3. Nc3 {??.} d5 4. cxd5 Nxd5 5. e4 Nb4 6. Bc4 Nd3+ 7. Ke2 Nf4+ 8. Kf1 {Hoping for d4.} Nd3 9. Ke2 Nf4+ 10. Kf1 Nd3 11. Qe2 Nxc1 12. Rxc1 e6 13. h4 Nc6 14. e5 Bd7 15. Rh3 Qb6 16. Bb5 h6 17. Kg1 a6 18. Ba4 O-O-O 19. Bb3 Kb8 20. d3 Be7 21. h5 Qa5 22. Ne4 {[#]} c4 $1 $36 {[%mdl 2560] Black has the initiative.} 23. dxc4 {Threatens to win with c5.} (23. Bxc4 Nxe5) 23... Nxe5 24. c5 Qc7 {...Bb5 is the strong threat.} 25. Rg3 (25. Nxe5 $17 Qxe5 26. Qe3) 25... Bc6 26. Ned2 $2 (26. Nxe5 $17 {was called for.} Qxe5 27. Re1) 26... Nd3 $19 27. Rc4 Bb5 28. Rxg7 Bxc4 29. Bxc4 Nf4 30. Qe4 (30. Qe1 $142 Bxc5 31. Bf1) 30... Bxc5 31. Ne5 Rd4 32. Qe1 {[#]} Rxd2 $1 {[%mdl 512]} 33. Qxd2 Qxe5 34. Rxf7 Nd5 35. Bxd5 exd5 0-1

[Event "BL 2016-17"]
[Site "Germany"]
[Date "2017.02.18"]
[Round "7.1"]
[White "Swinkels, Robin"]
[Black "Kantans, Toms"]
[Result "0-1"]
[WhiteElo "2485"]
[BlackElo "2449"]
[Annotator "TA"]
[PlyCount "198"]
[EventDate "2017.??.??"]
[EventType "team-tourn"]
[EventCountry "GER"]
[SourceTitle "playchess.com"]
[Source "ChessBase"]
[SourceQuality "1"]
[WhiteTeam "Aufwärts Aachen"]
[BlackTeam "Speyer-Schwegenheim"]

{[%evp 12,198,20,19,20,20,24,19,19,-8,0,0,0,0,24,12,20,19,20,0,5,0,4,4,15,0,0,0,0,0,14,0,0,-2,2,0,0,0,0,0,0,0,23,37,36,20,22,0,0,10,11,0,0,0,7,0,12,5,6,4,8,9,8,0,0,-17,-17,-17,-17,-17,-17,-12,-14,-13,-16,-29,-8,-15,-8,-17,-17,-17,-10,-14,-5,-16,-8,-8,-8,-8,-8,-8,-8,-8,-8,-8,-8,-8,-20,-37,-37,-37,-37,-40,-40,-61,-61,-61,-61,-61,-61,-61,-61,-128,-128,-128,-129,-145,-84,-84,-84,-84,-84,-84,-84,-84,-84,-84,-84,-84,-84,-84,-84,-84,-84,-84,-84,-84,-84,-84,-84,-84,-84,-84,-84,-84,-84,-84,-84,-84,-84,-84,0,-84,0,-84,-84,-84,-84,-84,-84,-29969,-29970,-29970,-29970,-29960,-9158,-29969,-29970,-29980,-29981,-29981,-29982,-29982,-29978,-29977,-29979,-29979,-29980,-29980,-29981,-29981,-29981,-29980,-29981,-29981,-29982,-29982,-29983]} 1. d4 Nf6 2. c4 g6 3. g3 {??.} Bg7 4. Bg2 d5 5. cxd5 Nxd5 6. Nf3 O-O 7. O-O Nb6 8. Nc3 Nc6 {[%cal Rc6d4]} 9. e3 {[%cal Be2e3,Be3e4,Be4d5,Bd5d6][%mdl 32]} Re8 10. a3 e5 {[%cal Re5d4]} 11. d5 Ne7 {[%cal Re7d5]} 12. e4 Bg4 13. h3 Bxf3 14. Qxf3 c6 15. Rd1 cxd5 16. exd5 Nf5 17. d6 Rb8 ({Much worse is} 17... Nxd6 $6 18. Ne4 Re6 19. Nc5 $16) 18. Be3 Nd4 ({But not} 18... Nxd6 $2 19. Ne4 Re6 20. Bc5 $18) 19. Bxd4 $1 exd4 20. Nb5 $1 {[%csl LRa7,LRd4]} Nc4 21. Qb3 ({Of course not} 21. Nxd4 Nxb2 22. Nb3 Nxd1 23. Rxd1 Qb6 $17) 21... Nxd6 22. Nxd4 Qa5 23. Nf3 {[%cal Bd4f3,Bf3h2,Bh2g4][%mdl 32]} Rbd8 24. Rd5 Qc7 25. Rad1 Bf6 26. Nh2 b6 27. Ng4 Bg7 28. Qd3 {[%cal Rd5d6]} Nb7 29. Rd7 Rxd7 30. Qxd7 Re7 31. Qxc7 Rxc7 32. b4 Kf8 33. Ne3 b5 34. Rd5 a6 35. Rd2 Ke8 36. Kh2 Nd8 37. Rd6 Ra7 $1 38. Nd5 Be5 39. Rb6 Bd4 40. Rxa6 Rxa6 41. Nc7+ Kd7 42. Nxa6 Bxf2 $11 {[%mdl 4096] Endgame KBN-KBN} 43. Bd5 Ba7 44. Bb3 Ne6 45. Kg2 Kc6 46. a4 Nd4 47. Bd1 h6 48. Kh2 Kb7 49. axb5 Nxb5 50. Nc5+ Bxc5 51. bxc5 {KB-KN} Kc6 52. Bb3 f6 53. h4 Nd4 54. Bf7 g5 55. hxg5 hxg5 56. Kg2 Kxc5 57. Kf2 Kd6 58. Bg6 Ke5 59. Bb1 Nb5 60. Ke3 Nc3 61. Bh7 Nd5+ 62. Kd3 ({White should play} 62. Ke2 $15) 62... Ne7 $1 $17 {White must now prevent ...Nf5.} 63. Ke3 f5 64. g4 f4+ (64... fxg4 $142 {...Nd5+ is the strong threat.} 65. Bd3 Nd5+ 66. Kf2 Kf4) 65. Kf2 Kd4 66. Bb1 Nc6 67. Bf5 Ne5 68. Ke2 Nc4 69. Be6 Nd6 {Strongly threatening ...Ke4.} 70. Bd7 Kc3 71. Bc6 Nf7 72. Be4 Ne5 73. Bf5 Nc6 74. Be4 Nd4+ 75. Kd1 Nb3 {aiming for ...Nc5.} 76. Bd5 Nc5 77. Ke2 Kd4 78. Bf7 Ne4 79. Bg6 Ng3+ 80. Kf2 Kc3 81. Ke1 Kd4 {Threatens to win with ...Ke3.} 82. Kf2 Ne4+ 83. Ke2 $1 Nc3+ 84. Kf2 Nd1+ 85. Ke2 Ne3 86. Bh5 $2 {[%mdl 8192]} (86. Kf3 $17) 86... Kc3 $1 87. Ke1 {[#]} Kd3 $1 88. Kf2 {[#]} Kd2 $1 89. Kf3 Ke1 {Black mates.} 90. Be8 Nc4 91. Bb5 Nd2+ 92. Kg2 f3+ 93. Kg3 f2 94. Kg2 f1=Q+ 95. Bxf1 Nxf1 96. Kf3 Nd2+ 97. Ke3 Kd1 98. Kd3 Nf3 99. Ke3 Nh4 0-1

[Event "BL 2016-17"]
[Site "Germany"]
[Date "2017.02.18"]
[Round "7.2"]
[White "Kasimdzhanov, Rustam"]
[Black "Lupulescu, Constantin"]
[Result "1-0"]
[WhiteElo "2699"]
[BlackElo "2620"]
[Annotator "TA"]
[PlyCount "73"]
[EventDate "2017.??.??"]
[EventType "team-tourn"]
[EventCountry "GER"]
[SourceTitle "playchess.com"]
[Source "ChessBase"]
[SourceQuality "1"]
[WhiteTeam "Baden-Baden"]
[BlackTeam "SG Trier"]

{[%evp 12,73,0,0,5,5,0,0,6,-8,17,-2,27,25,25,29,33,16,16,17,0,8,9,2,-4,-10,-3,-10,43,48,49,48,50,49,50,58,87,93,105,112,155,155,155,153,146,139,175,191,433,432,423,393,946,953,917,881,1075,1793,1543,209,5504,5416,5412,5412]} 1. e4 {[%cal Be2e4,Be4e5][%mdl 32]} e6 2. d4 d5 3. Nc3 {??.} Nf6 4. e5 Nfd7 5. f4 c5 6. Nf3 Nc6 7. Be3 Be7 8. Qd2 a6 9. dxc5 Nxc5 10. O-O-O O-O 11. h4 Qa5 12. Nd4 Nxd4 13. Bxd4 Rd8 14. Kb1 Qc7 $1 15. Bd3 b5 16. g4 b4 17. Ne2 a5 18. Ng3 Ba6 19. f5 {[%cal Bf4f5,Bf5f6][%mdl 32]} b3 (19... Nxd3 $11 20. cxd3 {[#]} b3 $1 {[%mdl 512]}) 20. Bxa6 $14 {And now Be2 would win.} ({Much worse is} 20. axb3 Bxd3 21. f6 gxf6 22. exf6 Bf8 23. Bxc5 Qxc5 $17) 20... bxc2+ ({Reject} 20... Rxa6 21. cxb3 (21. axb3 Nd7 $16) 21... Kh8 22. Rc1 $16) 21. Qxc2 Nxa6 22. Qd2 Rdc8 23. Rc1 Qd8 24. f6 $1 Bb4 25. Qe3 g6 26. h5 Rxc1+ 27. Qxc1 $40 {[%mdl 128] hxg6 is the strong threat. White has strong attack.} Qc7 28. hxg6 fxg6 {[#]} 29. Ne2 $1 {[%cal Bg3e2,Be2f4,Bf4e6][%mdl 32]} Rc8 $2 {[#]} (29... Bc5 30. Qe3 Rb8) 30. f7+ $1 $18 {[%mdl 512]} Kh8 {intending ...Qxc1+.} (30... Qxf7 31. Qxc8+) 31. Qf1 {[%cal Rf1f6]} Qc2+ $2 (31... Qe7 32. Nf4 Qxf7 33. Qxa6 Re8) 32. Ka1 {[%cal Rf1f6]} Be7 33. Nf4 Nb4 34. Nxe6 {White threatens Rxh7+! and mate.} Qd2 35. Qf4 $2 (35. a3 Nc2+ 36. Ka2 Nb4+ 37. axb4 axb4 38. f8=Q+ Bxf8 39. Nxf8) 35... Qg2 $2 (35... Qxf4 36. Nxf4 Nc2+ 37. Kb1 Nxd4) 36. Rf1 Nc2+ 37. Kb1 1-0